• 首页
  • 本馆介绍
  • 公告通知
  • 最新文献
  • 馆藏检索
  • 电子资源
  • 读者导购
  • 参考咨询
  • 我的图书馆
  • 登录
  • 详细信息显示
  • 放入我的书架
  • 预约/预借图书
  • 作者相关作品
  • 分类相关作品
  • 丛书相关作品
  • 出版社相关作品

书目信息

  • 表格格式
  • 工作单格式
  • 卡片格式
题名:
《基础英语》注释
    
 
作者: 朱次榴 注释
分册: 一  
出版信息: 北京   外语教学与研究出版社  1984
页数: 149页
开本: 20cm
丛书名:
单 册:
中图分类: H31
科图分类:
主题词: 英语
电子资源:
ISBN:
000 00619nam0 2200229 45
001 0184005543
005 20050418160846.8
010    @dCNY0.52
091    @a9215.115
100    @a19951023d1984 em y0chiy0121 ea
101 0  @achi@aeng
102    @aCN@b110000
105    @ay z 000yy
200 12 @a《基础英语》注释@A《Ji Chu Ying Yu》Zhu Shi@h一@f朱次榴注释@FZhu Ci Liu Zhu Shi
210    @a北京@c外语教学与研究出版社@d1984
215    @a149页@d20cm
606    @a英语
690    @aH31@v3
701  0 @a朱次榴@4注释
801  0 @aCN@b深圳图书馆@c20040509
801  2 @aCN@bNLC@c20040509
905    @dH31@e11:1@f1@b70920
    
    《基础英语》注释.一/朱次榴注释.-北京:外语教学与研究出版社,1984
    149页;20cm
    
    
    ISBN :CNY0.52
    
●
相关链接 在E读中查询图书 在五车中查询图书 在当当中查询图书 在豆瓣中查询图书


正题名:《基础英语》注释     索取号:H31/11:1         预约/预借

序号 登录号 条形码 馆藏地/架位号 状态 备注
1 0070917   001965822   第四借阅区/ [索取号:H31/11:1] 在馆    
2 0070918   000862445   密集书库/ [索取号:H31/11:1] 在馆    
3 0070919   000862436   密集书库/ [索取号:H31/11:1] 在馆    
4 0070920   002027513   密集书库/ [索取号:H31/11:1] 在馆    
5 0070921   000862285   密集书库/ [索取号:H31/11:1] 在馆    
6 0070922   001970718   密集书库/ [索取号:H31/11:1] 在馆    
7 0070924   000862472   密集书库/ [索取号:H31/11:1] 在馆    
8 0070925   000862481   密集书库/ [索取号:H31/11:1] 在馆    
9 0070926   000862392   第二样本阅览室/ [索取号:H31/11:1] 在馆    
唐山师范学院图书馆 欢迎您!
大连网信软件有限公司© 版权所有